Guess the Hamilton Song - Statistics

General Stats
  • This quiz has been taken 8,807 times
    8,787 since last reset
  • The average score is 152 of 275
Answer Stats
Answer % Correct
A
97%
a
97%
I
88%
the
80%
(The
80%
The
80%
you
78%
You
78%
to
72%
be
71%
No.
71%
we
70%
We
70%
me.
68%
me
68%
how
66%
How
66%
So
66%
so.
64%
your
63%
are
62%
are,
62%
And
61%
and
61%
of
60%
that
59%
That
59%
Eliza,
58%
have
58%
know
58%
was
58%
enough.
56%
enough...
56%
is
56%
would
56%
in
55%
not
55%
at
54%
right
54%
alive
53%
alive,
53%
I'm
53%
or
53%
Look
51%
look
51%
stay
51%
stay...
51%
where
51%
if
50%
If
50%
now.
50%
should
49%
this
49%
who
49%
Will
49%
will
49%
around,
48%
around
48%
around...
48%
could
48%
him
48%
lucky
48%
son.
48%
don't
47%
for
47%
long
47%
told
47%
war
47%
home.
46%
home
46%
month
46%
you're
46%
general
45%
mind,
45%
mind.
45%
world!
45%
wrote
45%
ago.
44%
known?
44%
as
43%
But
43%
wife,
43%
wife.
43%
let
42%
Let
42%
meet
42%
need
42%
sorry.
42%
they
42%
fraction
41%
send
41%
fight
40%
fact
39%
Just
39%
miracle.
39%
story
39%
begged
38%
chance
38%
child
38%
come
38%
done)
38%
smile
38%
started.
38%
day,
37%
life?
37%
won.
37%
deserve
36%
end
36%
until
36%
write
36%
knew
35%
married.
35%
money.
35%
out
35%
poor
35%
being
34%
legacy.
34%
man's
34%
war's
34%
facing,
33%
pretend
33%
relish
33%
you'd
33%
challenges
32%
part
32%
fragment
31%
keep
31%
narrative
31%
provide
31%
afraid.
30%
erasing
30%
grant
30%
shares
30%
unable
30%
heart...
29%
piece
29%
creating
28%
decide
28%
inside
28%
chapter
27%
first
27%
Oh,
27%
moment
26%
someday.
26%
worlds
23%
No matching quizzes found
Score Distribution
Percent of People with Each Score
Percentile by Number Answered
Your Score History
You have not taken this quiz since the last reset